00474nam a2200157Ia 4500003000400000005001700004008004100021040000900062082002000071100002200091245010700113250001200220260005200232300000900284650002300293OSt20200810131842.0190216s9999||||xx |||||||||||||| ||und|| coclc a658.4034bBUD/P aBudnick, Frank S  0aPrinciples Of Operations Research For Management /cFrank S Budnick ; Dennis Mcleavey ; Richard Mojena a2nd Ed. bAll India Traveller Book Seller,c1988.aDelhi: a988p aOperation Research